Statistics for Countries Without Vowels Quiz #05

Click here to take the quiz!

General Stats

  • This quiz has been taken 19 times
  • The average score is 13 of 14

Answer Stats

Countries (No Vowels)Countries% Correct
CLMBColombia
100%
LCHTNSTNLiechtenstein
100%
MZMBQMozambique
100%
PP NW GNPapua New Guinea
100%
PRTGLPortugal
100%
SYCHLLSSeychelles
100%
TRKMNSTNTurkmenistan
100%
CNDCanada
94%
ST TMREast Timor
94%
LSLaos
94%
MLWMalawi
94%
LGRAlgeria
88%
ZRBJNAzerbaijan
88%
BRKN FSBurkina Faso
88%

Score Distribution

Percentile by Number Answered

Percent of People with Each Score

Your Score History

You have not taken this quiz